000 01787nam a2200301Ia 4500
005 20140410171922.0
008 130821s1999 xx g q lmul d
040 _aCO-BoUCM
_bspa
_cOscar Anaya (modificó)
_d[Nuevo]
041 0 0 _aspa
_aeng
_apor
_afre
092 _aDVD 0019
245 0 3 _aOjos bien cerrados
_cStanley Kubrick, director
_h[DVD]
260 _a[Lugar desconocido]
_bWarner Bros Inc.
_c1999
300 _a1 DVD, 159 minutos
_bsonido, imagen
500 _aSINOPSIS: El doctor William y su señora lo tienen todo; dinero,guapos,etc.Peo tambien no tienen nada: no tienen confianza entre ellos,ect. hasta la señora le dice a William que meses atrás tuvo relaciones eroticas con otro. Eso le provoca a él una bajoestima y entra en una sociedad de erotismo,sexo,etc. que puede traer graves consecencias
508 _aCRÉDITOS: Director, Stanley Kubrick; Guión, Stanley Kubrick y Frederic Raphael; Productor, Stanley Kubrick; Música, Jocelyn Pook; Fotografía, Larry Smith; Montaje, Nigel Galt
511 _aREPARTO: Tom Cruise, Nicole Kidman, Madison Eginton, Jackie Sawiris, Sydney Pollack, Leslie Lowe, Peter Benson, Todd Field, Michael Doven, Sky Du Mont
546 _aAudio en Inglés. Subtítulos en Inglés, Portugués, Español.
650 0 4 _951326
_aPelículas cinematográficas
_zEstados Unidos
_vDVD
650 0 4 _aEntretenimiento
_926487
650 0 4 _aErotismo en el cine
_vDVD
_914721
650 0 4 _aPelículas de suspenso
_vDVD
_921240
650 0 4 _aSociología
_9386
700 1 _aKubrick, Stanley
_d1928-1999
_edirector
_953162
710 2 _aWarner Bros. Pictures
_941920
765 0 _tEyes Wide Shut
856 0 4 _uhttp://www.youtube.com/watch?v=HPZ-X8PLOIM
_zSiga este vínculo para ver el trailer.
942 _cMULTIMEDIA
_2LOCAL
_a11
_e1
_hDVD 0019
999 _c43004
_d43004